Xã hội học báo chí
Thế nào là truyền thông và truyền thông đại chúng; Báo chí thế giới và đặc điểm của nghề làm báo; Báo chí ở Việt Nam; Tòa soạn, phóng viên và hoạt động nghề nghiệp; Nhà báo; Xã hội học về công chúng; Xã hội học về nội dung truyền thông; Một số lý thuyết tiếp cận trong xã hội học truyền thông đại chú...
Salvato in:
| Autore principale: | |
|---|---|
| Natura: | Libro |
| Lingua: | Vietnamese |
| Pubblicazione: |
Tp.HCM
Đại học quốc gia
2015
|
| Edizione: | Tái bản có bổ sung và cập nhật |
| Soggetti: | |
| Tags: |
Aggiungi Tag
Nessun Tag, puoi essere il primo ad aggiungerne! !
|
| Thư viện lưu trữ: | Mạng thư viện Đại học Đà Nẵng |
|---|
| LEADER | 01537nam a2200337 4500 | ||
|---|---|---|---|
| 001 | 000025309 | ||
| 003 | 21802 | ||
| 005 | 20170925080916.0 | ||
| 008 | 170925s2015 viesd | ||
| 020 | |a 978-604-73-3620-3 |c 135000đ | ||
| 041 | 0 | |a vie | |
| 082 | 1 | 4 | |a 070 |b TR-Q |
| 100 | 1 | |a Trần Hữu Quang | |
| 245 | 1 | 0 | |a Xã hội học báo chí |c Trần Hữu Quang |
| 250 | |a Tái bản có bổ sung và cập nhật | ||
| 260 | |a Tp.HCM |b Đại học quốc gia |c 2015 | ||
| 300 | |a 364 tr. |c 24 cm. | ||
| 520 | 3 | |a Thế nào là truyền thông và truyền thông đại chúng; Báo chí thế giới và đặc điểm của nghề làm báo; Báo chí ở Việt Nam; Tòa soạn, phóng viên và hoạt động nghề nghiệp; Nhà báo; Xã hội học về công chúng; Xã hội học về nội dung truyền thông; Một số lý thuyết tiếp cận trong xã hội học truyền thông đại chúng; Ảnh hưởng xã hội của truyền thông đại chúng. | |
| 650 | 0 | 4 | |a Báo chí |x Xã hội học |
| 653 | |a Báo chí | ||
| 653 | |a Xã hội học | ||
| OWN | |a LSP | ||
| AVA | |a UDN50 |b LSP |d 070 TR-Q |e available |t Error 5001 Not defined in file expand_doc_bib_avail. |f 2 |g 1 |h N |i 0 |k 1 | ||
| 999 | |a From the UDN01 | ||
| AVA | |a UDN50 |b LSP |d 070 TR-Q |e available |t Error 5001 Not defined in file expand_doc_bib_avail. |f 2 |g 1 |h N |i 0 |k 1 | ||
| TYP | |a Monograph | ||
| TYP | |a Printed language | ||
| 980 | |a Mạng thư viện Đại học Đà Nẵng | ||


